| 000 | 00755nam a2200193Ia 4500 | ||
|---|---|---|---|
| 008 | 151121s9999||||xx |||||||||||||| ||und|| | ||
| 082 | _a813-/बोंगाळे | ||
| 082 | _bHNW-116084 | ||
| 100 | _aबोंगाळे रमाकांत | ||
| 245 | _aश्री ज्ञानेश्वरीतील कथा | ||
| 260 | _b"गवळी प्रकाशन, इस्लामपूर।" | ||
| 260 | _c2014 | ||
| 300 | _a128 | ||
| 600 | _aबोंगाळे रमाकांत | ||
| 630 | _aश्री ज्ञानेश्वरीतील कथा | ||
| 700 | _aबोंगाळे रमाकांत | ||
| 730 | _aश्री ज्ञानेश्वरीतील कथा | ||
| 942 | _cBOOK | ||
| 999 |
_c1264761 _d1264758 |
||